00681nam a2200193Ia 4500008004100000020001800041050001900059100002900078245008200107250001000189260004400199300001800243500004400261650002400305650002100329942001200350952010800362999001700470120626s9999 xx 000 0 und d a968-401-087-704aK155 B413 20011 aBECERRA BAUTISTA, José10aIntroducción al Estudio del Derecho Procesal CivilcJosé Becerra Bautista a5a Ed aMéxico bCardenas Editor Distribuidor a282 páginas aCONTIENE: Prologo Índice de contenido17aPROCEDIMIENTO CIVIL17aDERECHO PROCESAL 2ddccLB 00104070a07b07d2010-10-14l3oK155 B413 2001p07 001191r2016-08-11s2016-08-09t1w2012-06-26yLB c66965d66965